Собрание сочинений: В 3 т.; Т. 2; Смерть меня подождет. Роман

Bibliographische Detailangaben
1. Verfasser: Федосеев Г. А. Григорий Анисимович
Weitere Verfasser: Шуртаков С. (составитель)
Sprache:Russisch
Veröffentlicht: Москва, Молодая гвардия, 1989
Schlagworte:
Format: MixedMaterials Buch
KOHA link:https://koha.lib.tpu.ru/cgi-bin/koha/opac-detail.pl?biblionumber=139762

MARC

LEADER 00000nam0a2200000 4500
001 139762
005 20231031141842.0
010 |a 5235004205 
010 |a 5-235-00928-2 
020 |a RU  |b 90-4188 
035 |a (RuTPU)RU\TPU\book\151402 
035 |a RU\TPU\book\150372 
090 |a 139762 
100 |a 20080610g1989 m y0rusy5003 ca 
101 0 |a rus 
102 |a RU 
105 |a a z 000ay 
200 1 |a Собрание сочинений  |e В 3 т.  |h Т. 2  |i Смерть меня подождет. Роман  |f Г. А. Федосеев  |g сост. С. Шуртаков 
210 |a Москва  |c Молодая гвардия  |d 1989 
215 |d 22 см  |a 512 с. 
610 1 |a Геодезические экспедиции 
610 1 |a Тайга 
610 1 |a Эвенки 
610 1 |a романы 
675 |a Р2  |z rus 
700 1 |a Федосеев  |b Г. А.  |g Григорий Анисимович  |4 070 
702 1 |a Шуртаков  |b С.  |4 220 
801 0 |a RU  |b RuMRKP  |c 19950417  |g psbo 
801 1 |a RU  |b 63413507  |c 20080529  |g PSBO 
801 2 |a RU  |b 63413507  |c 20080610  |g PSBO 
942 |c BK